Didache : (Record no. 288607)
[ view plain ]
| 000 -LEADER | |
|---|---|
| fixed length control field | 00763nam a2200265 a 4500 |
| 001 - CONTROL NUMBER | |
| control field | ocm05581391 |
| 003 - CONTROL NUMBER IDENTIFIER | |
| control field | PILC |
| 005 - DATE AND TIME OF LATEST TRANSACTION | |
| control field | 20150904103535.0 |
| 008 - FIXED-LENGTH DATA ELEMENTS--GENERAL INFORMATION | |
| fixed length control field | |
| 050 ## - LIBRARY OF CONGRESS CALL NUMBER | |
| Classification number | BS 491.5 |
| Item number | .D561 2013 |
| 245 10 - TITLE STATEMENT | |
| Title | Didache : |
| Remainder of title | Daily bible reflections for catholics. |
| 260 ## - PUBLICATION, DISTRIBUTION, ETC. (IMPRINT) | |
| Place of publication, distribution, etc | Quezon City : |
| Name of publisher, distributor, etc | Shepeherd's Voice Publications, Inc., |
| Date of publication, distribution, etc | 1993- |
| 300 ## - PHYSICAL DESCRIPTION | |
| Extent | no page number ; |
| Dimensions | 15 cm. |
| 362 ## - DATES OF PUBLICATION AND/OR SEQUENTIAL DESIGNATION | |
| Dates of publication and/or sequential designation | (Aug. 1993)- . |
| 500 ## - GENERAL NOTE | |
| General note | Local Publication. |
| 500 ## - GENERAL NOTE | |
| General note | Cover title. |
| 650 ## - SUBJECT ADDED ENTRY--TOPICAL TERM | |
| Topical term or geographic name as entry element | Reflections |
| General subdivision | Biblical teachings. |
| 942 ## - ADDED ENTRY ELEMENTS (KOHA) | |
| Source of classification or shelving scheme | Library of Congress Classification |
| Koha item type | Books |
| Withdrawn status | Lost status | Source of classification or shelving scheme | Damaged status | Home library | Current library | Shelving location | Date acquired | Source of acquisition | Sub Shelving location | Total Checkouts | Total Renewals | Full call number | Barcode | Date last seen | Date checked out | Price effective from | Koha item type |
|---|---|---|---|---|---|---|---|---|---|---|---|---|---|---|---|---|---|
| Library of Congress Classification | College Library | College Library | General Circulation Section | 09/04/2015 | Donation | 1 | 2 | BS 491.5 .D561 2013 | C19916 | 11/04/2024 | 10/18/2024 | 09/04/2015 | Books |